The financial noose of residential development (Record no. 112254)

MARC details
000 -LEADER
fixed length control field 01199cad a22002175a 4500
001 - CONTROL NUMBER
control field L152904
008 - FIXED-LENGTH DATA ELEMENTS--GENERAL INFORMATION
fixed length control field 110513s2011 xxk f 000 0 eng d
035 ## - SYSTEM CONTROL NUMBER
System control number (Sirsi) u152904
041 0# - LANGUAGE CODE
Language code of text/sound track or separate title eng
050 04 - LIBRARY OF CONGRESS CALL NUMBER
Classification number 306.1 $2 18
110 2# - MAIN ENTRY--CORPORATE NAME
Corporate name or jurisdiction name as entry element Cluttons
9 (RLIN) 2064
245 04 - TITLE STATEMENT
Title The financial noose of residential development
Medium [electronic resource]
260 ## - PUBLICATION, DISTRIBUTION, ETC.
Place of publication, distribution, etc. London
Name of publisher, distributor, etc. Cluttons
Date of publication, distribution, etc. 2011
490 #0 - SERIES STATEMENT
Series statement Cluttons Viewpoint
520 ## - SUMMARY, ETC.
Summary, etc. Highlights financial restraints faced by residential property developers since 2008. Banks have withdrawn funding for development schemes, potential homeowners particularly first time buyers are having problems obtaining mortgages and funding for affordable housing schemes is scarce. Alternative ways of raising finance for development schemes are considered include tax increment financing (TIF), joint ventures between landowners and developers and attracting property investors.
590 ## - LOCAL NOTE (RLIN)
Local note KA NTK
651 #4 - SUBJECT ADDED ENTRY--GEOGRAPHIC NAME
Geographic name England
Chronological subdivision 886-
690 ## - LOCAL SUBJECT ADDED ENTRY--TOPICAL TERM (OCLC, RLIN)
Topical term or geographic name as entry element PROPERTY-RESIDENTIAL PROPERTY-RESIDENTIAL PROPERTY DEVELOPMENT
856 40 - ELECTRONIC LOCATION AND ACCESS
Uniform Resource Identifier <a href="https://www.cluttons.com/clientUpload/news/pdf/Cluttons%27%20viewpoint%20may11.pdf">https://www.cluttons.com/clientUpload/news/pdf/Cluttons%27%20viewpoint%20may11.pdf</a>
Public note View the item free of charge at www.cluttons.com
942 ## - ADDED ENTRY ELEMENTS (KOHA)
Suppress in OPAC 0
Holdings
Withdrawn status Lost status Source of classification or shelving scheme Damaged status Not for loan Home library Current library Shelving location Date acquired Total Checkouts Full call number Barcode Date last seen Copy number Price effective from Koha item type
    Dewey Decimal Classification     Virtual Virtual Online 13/05/2011   ONLINE PUBLICATION 152904-2001 06/08/2019 1 06/08/2019 Book